Biggest Cities of the Midwestern United States in 1800 with a Map - Statistics

General Stats
  • This quiz has been taken 129 times
  • The average score is 7 of 21
Answers on the Map
Answers color-coded by a green-red scale on the quiz's map according to % correct below.
 
Answer Stats
Population Settlement % Correct
500 Detroit
96%
850 Cincinnati
89%
50 Green Bay
75%
30 Dayton
71%
30 Sault Ste. Marie
60%
125 La Ville de Maillet (Peoria)
55%
50 Youngstown
54%
251 Michilimackinac (Mackinac Island)
40%
474 Zanesville
27%
731 Steubenville
26%
714 Vincennes
22%
561 Chillicothe
16%
719 Cahokia
15%
467 Kaskaskia
14%
321 Marietta
14%
65 Prairie du Chien
12%
100 Grand Portage
9%
286 Bellefontaine (Waterloo)
7%
160 Gallipolis
7%
100 Clarksville
5%
212 Prairie du Rocher
5%
No matching quizzes found
Score Distribution
Percent of People with Each Score
Percentile by Number Answered
Your Score History
You have not taken this quiz